[Event "St Petersburg-ch qual"]
[Site "St Petersburg"]
[Date "2006.12.15"]
[Round "9"]
[White "Ozolin, Aleksey"]
[Black "Osinovsky, Stepan"]
[Result "0-1"]
[WhiteElo "2161"]
[BlackElo "2244"]
[PlyCount "78"]
[EventDate "2006.11.27"]
[EventType "swiss"]
[EventRounds "10"]
[EventCountry "RUS"]
[SourceTitle "EXT 2008"]
[Source "ChessBase"]
[SourceDate "2007.11.25"]
[SourceVersion "1"]
[SourceVersionDate "2007.11.25"]
[SourceQuality "1"]

1. e4 e5 2. Nf3 Nc6 3. Bb5 a6 4. Ba4 Nf6 5. 0-0 b5 6. Bb3 Be7 7. Re1 0-0 8. a4 b4 9. a5 d5 10. exd5 e4 11. dxc6 exf3 12. d4 fxg2 13. Bf4 Bd6 14. Qf3 Bg4 15. Qg3 Nh5 16. Qxg4 Nxf4 17. Nd2 h5 18. Qf3 Qh4 19. Ne4 Rad8 20. Re3 Ne2+ 21. Kxg2 Qxh2+ 22. Kf1 Nxd4 23. Qg2 Qxg2+ 24. Kxg2 Nxb3 25. Rxb3 Rfe8 26. Nxd6 Rxd6 27. c3 bxc3 28. Rxc3 Re2 29. b3 Rdd2 30. Rf3 Rc2 31. Rd1 Red2 32. Re1 Kf8 33. Re5 g6 34. Re6 Rxf2+ 35. Rxf2 Rxf2+ 36. Kxf2 fxe6 37. b4 Ke7 38. b5 Kd6 39. bxa6 Kxc6 0-1

[Event "St Petersburg-ch qual"]
[Site "St Petersburg"]
[Date "2006.12.06"]
[Round "5"]
[White "Ozolin, Aleksey"]
[Black "Shapiro, Viktor"]
[Result "0-1"]
[WhiteElo "2161"]
[BlackElo "2249"]
[PlyCount "86"]
[EventDate "2006.11.27"]
[EventType "swiss"]
[EventRounds "10"]
[EventCountry "RUS"]
[SourceTitle "EXT 2008"]
[Source "ChessBase"]
[SourceDate "2007.11.25"]
[SourceVersion "1"]
[SourceVersionDate "2007.11.25"]
[SourceQuality "1"]

1. e4 Nf6 2. e5 Nd5 3. d4 d6 4. Nf3 Bg4 5. Be2 e6 6. 0-0 Be7 7. h3 Bh5 8. c4 Nb6 9. Nc3 N8d7 10. exd6 cxd6 11. b3 0-0 12. Bb2 d5 13. c5 Bxf3 14. Bxf3 Nc8 15. b4 Bf6 16. Bc1 a5 17. Ba3 axb4 18. Bxb4 Nb8 19. Nb5 Nc6 20. Bc3 b6 21. cxb6 Nxb6 22. a4 Qd7 23. Be2 Na5 24. Qd3 Nac4 25. Bd1 Ra6 26. Bc2 g6 27. Bb4 Rfa8 28. Nc3 Nb2 29. Qf3 Bxd4 30. a5 N6c4 31. Qg4 Bg7 32. Rfb1 Rb8 33. Na2 Nxa5 34. Nc3 Nbc4 35. Bxa5 Rxb1+ 36. Bxb1 Rxa5 37. Rxa5 Nxa5 38. Qa4 Qxa4 39. Nxa4 Bd4 40. Kf1 Kf8 41. Ke2 Ke7 42. f4 Kd6 43. Kd3 Nc6 0-1

[Event "St Petersburg-ch qual"]
[Site "St Petersburg"]
[Date "2006.12.01"]
[Round "3"]
[White "Petrovichev, Nikolay"]
[Black "Ozolin, Aleksey"]
[Result "1/2-1/2"]
[WhiteElo "2226"]
[BlackElo "2161"]
[PlyCount "58"]
[EventDate "2006.11.27"]
[EventType "swiss"]
[EventRounds "10"]
[EventCountry "RUS"]
[SourceTitle "EXT 2008"]
[Source "ChessBase"]
[SourceDate "2007.11.25"]
[SourceVersion "1"]
[SourceVersionDate "2007.11.25"]
[SourceQuality "1"]

1. c4 Nf6 2. Nc3 c5 3. g3 e6 4. Nf3 b6 5. Bg2 Bb7 6. 0-0 Be7 7. Re1 d6 8. e4 a6 9. d4 cxd4 10. Nxd4 Qc7 11. Qe2 0-0 12. Bg5 h6 13. Be3 Nc6 14. Rac1 Nxd4 15. Bxd4 Nd7 16. b3 Rac8 17. Be3 Rfe8 18. Red1 Qb8 19. Bf4 Bc6 20. Qd2 Ne5 21. a4 Red8 22. Be3 Qb7 23. h3 Rb8 24. Bd4 Nd7 25. Nd5 Nc5 26. Nxe7+ Qxe7 27. Qe3 e5 28. Bb2 Qb7 29. f3 Qc7 1/2-1/2

[Event "St Petersburg-ch qual"]
[Site "St Petersburg"]
[Date "2006.11.29"]
[Round "2"]
[White "Ozolin, Aleksey"]
[Black "Pavlik, Leonid"]
[Result "1-0"]
[WhiteElo "2161"]
[BlackElo "2105"]
[PlyCount "107"]
[EventDate "2006.11.27"]
[EventType "swiss"]
[EventRounds "10"]
[EventCountry "RUS"]
[SourceTitle "EXT 2008"]
[Source "ChessBase"]
[SourceDate "2007.11.25"]
[SourceVersion "1"]
[SourceVersionDate "2007.11.25"]
[SourceQuality "1"]

1. e4 e6 2. d4 d5 3. Nd2 Nf6 4. e5 Nfd7 5. Bd3 c5 6. c3 Nc6 7. Ne2 Qh4 8. Nf3 Qd8 9. 0-0 Be7 10. Ng3 Qb6 11. Ne2 f6 12. exf6 Nxf6 13. a3 Bd7 14. dxc5 Bxc5 15. b4 Bd6 16. c4 dxc4 17. Bxc4 Ne5 18. Nxe5 Bxe5 19. Be3 Bxh2+ 20. Kh1 Qd6 21. Nd4 Be5 22. Nxe6 Bxe6 23. Qxd6 Bxd6 24. Bxe6 Ke7 25. Bb3 Rhd8 26. Rad1 b6 27. Rd3 Be5 28. Rfd1 Rxd3 29. Rxd3 Rc8 30. f3 Bg3 31. Kg1 h6 32. Kf1 Nh5 33. Bd4 Rc1+ 34. Rd1 Rc8 35. a4 Nf6 36. b5 g5 37. Bb2 Nd7 38. Rd2 Nc5 39. Re2+ Kd7 40. Bc2 Kd6 41. Ba3 Kd5 42. Rd2+ Kc4 43. Bb2 Nb3 44. Rd3 Re8 45. Rc3+ Kb4 46. Rxb3+ Kc4 47. Rc3+ Kb4 48. Be4 Kxa4 49. Rc1 g4 50. Bc6 Rf8 51. Bg7 Rf7 52. Bxh6 Rh7 53. Bd2 gxf3 54. gxf3 1-0

[Event "St Petersburg-ch qual"]
[Site "St Petersburg"]
[Date "2006.11.27"]
[Round "1"]
[White "Belov, Mikhail"]
[Black "Ozolin, Aleksey"]
[Result "0-1"]
[WhiteElo "1989"]
[BlackElo "2161"]
[PlyCount "48"]
[EventDate "2006.11.27"]
[EventType "swiss"]
[EventRounds "10"]
[EventCountry "RUS"]
[SourceTitle "EXT 2008"]
[Source "ChessBase"]
[SourceDate "2007.11.25"]
[SourceVersion "1"]
[SourceVersionDate "2007.11.25"]
[SourceQuality "1"]

1. d4 Nf6 2. c4 e6 3. Nf3 c5 4. d5 exd5 5. cxd5 d6 6. Nc3 g6 7. Bg5 Bg7 8. e3 0-0 9. Bd3 h6 10. Bh4 g5 11. Bg3 Nh5 12. Nd2 Nxg3 13. hxg3 Nd7 14. Nde4 Ne5 15. Bc2 f5 16. Nd2 a6 17. Qe2 b5 18. f3 Qf6 19. Kf2 Bb7 20. e4 f4 21. g4 b4 22. Na4 a5 23. Nb6 Ba6 24. Qd1 Nxg4+ 0-1